Územní limity jako nástroj podpory nebo brzda pro rozvoj cestovního ruchu?

Cestovný ruch a jeho vplyv na územie. Dôležitosť cestovného ruchu z pohľadu prísunu devízových prostriedkov do rozpočtu, príjmov do štátneho a miestneho rozpočtu ako aj zdroja nových pracovných miest. Požiadavka zachovania kvalitného životného prostredia a bezpečnosti. Limity využitia daného územia....

Description complète

Enregistré dans:
Détails bibliographiques
Auteur principal: Pondělíček, Michael
Autres auteurs: Šilhánková, Vladimíra, Juříčková, Zdeňka
Format: Chapitre de livre
Langue:tchèque
Sujets:
Tags: Ajouter un tag
Pas de tags, Soyez le premier à ajouter un tag!

MARC

LEADER 00000nla a2200000 4500
001 0246067
005 20240417075141.0
041 0 |a cze 
044 |a CZ 
245 1 0 |a Územní limity jako nástroj podpory nebo brzda pro rozvoj cestovního ruchu? 
520 |a Cestovný ruch a jeho vplyv na územie. Dôležitosť cestovného ruchu z pohľadu prísunu devízových prostriedkov do rozpočtu, príjmov do štátneho a miestneho rozpočtu ako aj zdroja nových pracovných miest. Požiadavka zachovania kvalitného životného prostredia a bezpečnosti. Limity využitia daného územia. Prehľad limitov vyplývajúcich z právnych predpisov. Analýza územných limitov ochrany prírody a krajiny vo vybranej destinácii - Chránená krajinná oblasť Orlické hory. Cestovný ruch a jeho vplyv na územie v destinácii Deštné v Orlických horách. 
610 2 0 |a ruch cestovný 
610 2 0 |a kvalita života 
610 2 0 |a bezpečnosť 
610 2 0 |a miesta pracovné 
610 2 0 |a príroda 
610 2 0 |a geografia 
610 2 0 |a regióny 
610 2 0 |a ochrana prírody 
610 2 0 |a obce 
610 2 0 |a Česko 
100 1 |a Pondělíček, Michael 
700 1 |a Šilhánková, Vladimíra 
700 1 |a Juříčková, Zdeňka